| 000 | 01046cam a2200229 4500 | ||
|---|---|---|---|
| 001 | ABS65198 | ||
| 008 | 020308n2002 000 0 eng u | ||
| 035 | _a(Sirsi) u117057 | ||
| 100 | _aLillie, D. | ||
| 245 | _aRental values - what is happening? | ||
| 260 | _c2002 | ||
| 490 |
_aProperty Forecast _v5(2) February 2002, 11-12(2) |
||
| 520 | _aLooks at suggestions that rental values in the pub, bar and restaurant sector are cooling, and observes this is not supported by a detailed review if the market. Highlights reasons for rental values fluctuating due to location, condition at rent review, and facilities such as parking provision. Concludes that with landlords looking at other potential uses for a site, there will be a continued shortage of good quality space, which will drive rental values. Tables. | ||
| 590 | _aABS | ||
| 650 | _aRENTAL VALUES | ||
| 650 | _aPUBLIC HOUSES | ||
| 650 | _aPUBS | ||
| 650 | _aRESTAURANTS | ||
| 650 | _aLEISURE PROPERTIES | ||
| 690 | _aPROPERTY MANAGEMENT-COMMERCIAL PROPERTY | ||
| 942 | _n0 | ||
| 999 |
_c69742 _d69742 |
||